000 00618nam a2200205Ii 4500
001 10480
003 CO-ViMGA
008 241108s9999||||xx |||||||||||||| ||und||
040 _aCO-ViMGA
_bspa
_erda
_cCO-ViMGA
041 0 _aunk
082 0 4 _a986.1-Q974
100 1 _aArcadio Quintero Peña
_953606
245 1 0 _aLecciones de historia de Colombia
264 1 _a[Lugar de publicación no identificado] : Banco Popular, 1971
300 _avolumen
336 _atext
_btxt
_2rdacontent
337 _aunmediated
_bn
_2rdamedia
338 _avolume
_bnc
_2rdacarrier
940 _aidficha_siabuc: 10228. -- ficha_no_siabuc:10480
999 _c50287
_d50287